| 000 | 00375nam a2200133Ia 4500 | ||
|---|---|---|---|
| 008 | 230312s9999||||xx |||||||||||||| ||und|| | ||
| 020 | _a9781305876026 | ||
| 082 |
_a005.5 _bBES-M |
||
| 100 | _aMcgraw | ||
| 245 | 0 | _aMcGraw-Hill Education essential ESL dictionary for learners of English | |
| 260 |
_bCengage _aUSA _c2017 |
||
| 650 |
_aComputer _vComputer Programs |
||
| 942 | _cBK | ||
| 999 |
_c18267 _d18267 |
||